El tratado de paz entre España y los Estados Unidos. (Record no. 146243)

MARC details
000 -LEADER
campo de control de longitud fija 00436nam a2200157 i 4500
001 - NÚMERO DE CONTROL
campo de control 146243
003 - IDENTIFICADOR DE NÚMERO DE CONTROL
campo de control ES-MaACL
005 - FECHA Y HORA DE LA ÚLTIMA TRANSACCIÓN
campo de control 20230906201450.0
007 - CAMPO FIJO DE DESCRIPCIÓN FÍSICA--INFORMACIÓN GENERAL
campo de control de longitud fija t|
008 - DATOS DE LONGITUD FIJA--INFORMACIÓN GENERAL
campo de control de longitud fija 070905n1900 sp ||||1| spa d
245 03 - MENCIÓN DEL TÍTULO
Título El tratado de paz entre España y los Estados Unidos.
260 ## - PUBLICACIÓN, DISTRIBUCIÓN, ETC.
Lugar de publicación, distribución, etc. [s.l. :
Nombre del editor, distribuidor, etc. s.n.,
Fecha de publicación, distribución, etc. 1900?]
300 ## - DESCRIPCIÓN FÍSICA
Extensión 76 p. ;
Dimensiones 24 cm.
500 ## - NOTA GENERAL
Nota general Texto trilingue : español, francés e inglés.
852 ## - LOCALIZACIÓN
Ubicación ES-MaACL
Número de control de estantería G-14793
Holdings
Estatus retirado Estado de pérdida Estado de daño No para préstamo Colección Biblioteca de origen Biblioteca actual Ubicación en estantería Fecha de adquisición Fuente de adquisición Total de préstamos Signatura topográfica completa Código de barras Visto por última vez Precio de reemplazo Tipo de ítem Koha
        Libros del s. XIX Biblioteca del Ateneo de Madrid Biblioteca del Ateneo de Madrid Sala Pecera Planta 3 17/01/2008     G-14793 1152643 23/02/2023 23/02/2023 Libro impreso antiguo